[Event "83rd ESP-ch Women-ch 2018"]
[Site "Linares"]
[Date "2018.08.23"]
[Round "4"]
[White "Silva Rodriguez, Fernando"]
[Black "Matnadze, Ana"]
[Result "1/2-1/2"]
[WhiteElo "2239"]
[BlackElo "2378"]
[Annotator "TA"]
[PlyCount "179"]
[EventDate "2018.08.09"]
[EventType "tourn"]
[EventCountry "ESP"]
[SourceTitle "playchess.com"]
[Source "ChessBase"]
[SourceQuality "1"]

{[%evp 18,179,142,125,168,174,204,110,284,291,288,263,272,288,283,265,273,108,208,175,222,149,181,122,471,199,205,191,224,189,214,182,173,186,294,220,235,222,284,191,168,161,232,96,112,102,109,105,108,97,142,114,119,115,166,152,183,188,222,169,175,135,145,144,171,169,168,144,181,192,196,194,179,100,108,103,129,26,30,9,12,10,43,32,31,7,57,0,0,-38,-29,-333,-299,-326,-142,-249,0,0,0,0,0,-97,-61,-72,-74,-69,-8,-88,5,-72,-10,-21,32,-170,-185,-185,-149,-200,-200,-359,-342,-366,-365,-357,-339,-598,-581,-518,-439,-479,-390,-608,-585,-1714,-1766,-29975,-29976,-5919,-286,-286,-286,-286,-286,-286,-293,-224,-8,-8,0,0,0,0,0,0,0,0,0,0,0,0,0,0,0,0]} 1. e4 c6 2. d4 d5 3. Nd2 dxe4 4. Nxe4 Nf6 5. Nxf6+ exf6 6. c3 Bd6 7. Bd3 O-O 8. Ne2 Qc7 9. Qc2 g6 {B15: Caro-Kann: 3 Nc3: 3...g6 and 3...dxe4 4 Nxe4 Nf6 5 Nxf6+ exf6} (9... h6 10. c4 c5 11. dxc5 Qxc5 12. O-O Nc6 13. a3 Bg4 14. h3 Bxe2 15. Qxe2 Rfe8 16. b4 Bh2+ 17. Kh1 Rxe2 18. bxc5 {½-½ (51) Fier,A (2624)-Granda Zuniga,J (2667) Bilbao 2015}) 10. h4 {[%cal Bh2h4,Bh4h5][%mdl 32] LiveBook: 4 Games} Re8 11. h5 f5 {[#]White is clearly better.} 12. Be3 $146 (12. g4 $1 $18 {[%mdl 512]}) ({Predecessor:} 12. hxg6 fxg6 13. Bg5 Be6 14. O-O-O Qf7 15. g4 Nd7 16. gxf5 Bxf5 17. Bxf5 Qxf5 18. Qxf5 gxf5 {1-0 (69) Kovalev,A (2525)-Li,B (2383) Balatonlelle 2017}) 12... c5 $2 (12... Be6 $16) 13. dxc5 $18 Bxc5 14. hxg6 hxg6 15. Qa4 Rxe3 16. fxe3 Qe7 17. O-O-O $2 (17. Qf4 $1 $18 {[%cal Rf4h2] and the rest is easy.} Nc6 18. Qh2) 17... Nc6 (17... Bxe3+ $16 18. Kb1 Nc6) 18. Kb1 Ne5 19. Qf4 Ng4 20. Nd4 (20. e4 $18 {[%cal Re4f5]} fxe4 21. Bc4 (21. Qxe4 Nf2 $11)) 20... Bd7 $2 {[%mdl 8192] [#]} (20... Qxe3 $16 {is tougher.} 21. Qc7 Bb6) 21. Rde1 (21. Bxf5 $142 $1 Nxe3 (21... Bxf5+ 22. Nxf5) 22. Bxd7) 21... Re8 22. Bc2 b5 23. Qf3 {And now e4 would win.} Qe5 24. Qh3 Qg7 25. Qg3 {Hoping for Qc7.} Rc8 (25... Qf6 $142 26. Bb3 a5) 26. Bb3 Nf6 27. Qe5 Bf8 28. Rd1 a5 29. a3 Ng4 (29... Ne4 $142 30. Qd5 Nc5) 30. Qxg7+ (30. Qd5 $18 {is more deadly.} Rd8 31. Nc6 (31. Nxb5 Nf2 $18) 31... Bxc6 32. Qxc6 Rxd1+ 33. Rxd1 (33. Bxd1 Nf2 $18)) 30... Kxg7 $16 31. Rhe1 Nf2 32. Rd2 Ne4 33. Rc2 Kf6 34. Rd1 Bh6 35. Re2 Be8 (35... b4 $16) 36. Bd5 Ng3 37. Ree1 Kg7 38. Ka1 Bg5 39. Nc2 Be7 40. e4 f4 41. e5 g5 42. Nd4 Rc5 43. Nb3 Rc7 44. Nxa5 Nf5 45. Be4 (45. Rd2 $18) 45... Ne3 46. Rd2 {aiming for g3!} Rc5 47. Bb1 (47. Kb1 $16) 47... Rxe5 $11 48. Rg1 f5 49. Nb3 Nc4 50. Rf2 Kf6 51. Bd3 Ne3 52. Rd2 ({White should try} 52. Rh1 $14) 52... g4 53. Be2 Bc6 $36 {[%mdl 2048] Black has the initiative.} 54. Nd4 $2 {[%mdl 8192]} (54. Bf1 $1 $11) 54... Bxg2 $19 55. Bxb5 f3 (55... Bc5 $19 {has better winning chances.} 56. Bd3 f3) 56. a4 (56. Bc6 $17) 56... g3 $2 {[#]} (56... Bc5 $1 $19 {Strongly threatening ...Bxd4.} 57. Kb1 Rd5) 57. Nxf3 $1 $11 {[%mdl 512]} Bxf3 58. Rxg3 Bg4 59. Rf2 (59. Rg1 $11) 59... Kg5 {[%mdl 1024] Black has strong compensation.} 60. b4 Bf6 $1 {White must now prevent ...Re7.} 61. Ka2 Nd1 (61... Re7 $1 $15 62. Kb3 Bxc3) 62. Rd2 {[#]} (62. Rf1 $11 Nxc3+ 63. Rxc3 Rxb5 64. axb5 Bxc3 65. b6) 62... Ne3 ({Better is} 62... Nxc3+ $1 $17 63. Rxc3 Rxb5 64. axb5 Bxc3) 63. Rf2 {[#]} (63. Kb3 $11 {keeps the balance.}) 63... Nd5 (63... Re7 $1 $17 64. Kb3 Bxc3) 64. Kb3 Re1 (64... f4 $11 65. Rd3 Ne3) 65. Kc4 $2 (65. Bd7 $14 {stays ahead.} Nf4 66. Rff3) 65... Ne3+ $19 66. Kc5 f4 67. Rxg4+ (67. Re2 $17 Rc1 68. Rgxe3 fxe3 69. Rxe3) 67... Nxg4 68. Rc2 $2 (68. Ra2 {is a better defense.}) 68... Ne3 69. Ra2 Bxc3 70. a5 Nf5 71. a6 $2 (71. Rg2+ Kf6 72. Rg8) 71... Bd4+ 72. Kc6 {and the idea a7 leaves White hopeful.} Re6+ 73. Kc7 Re7+ 74. Bd7 (74. Kc6 $142) 74... f3 75. a7 {[#]} Bxa7 $1 {[%mdl 512]} 76. Rxa7 {[%mdl 4096] Endgame KRB-KRN} f2 77. Ra1 Ng3 $2 (77... Re1 78. Ra5 f1=Q 79. Rxf5+ Qxf5 80. Bxf5 Kxf5) 78. Kd6 Re1 79. Ra5+ Kf4 80. Bb5 Ne2 81. Ra8 f1=Q $2 ({Black should play} 81... Nc3 $19 82. Ba6 Ne4+ 83. Kc6 Rc1+ 84. Kb6 Rb1 85. Rf8+ Ke5) 82. Rf8+ $11 {The position is equal.} Ke3 (82... Ke4 {feels hotter.} 83. Rxf1 Rxf1 84. Bxe2 Rf6+ 85. Kc5 Rf5+) 83. Rxf1 Rxf1 84. Bxe2 $1 Kxe2 {KR-KP} (84... Rf6+ {keeps more tension.} 85. Kc5 Rf5+ 86. Kc4 Rf4+ 87. Kc5 Rf5+) 85. b5 {[%cal Bb4b5,Bb5b6,Bb6b7][%mdl 32]} Kd3 86. b6 Kc4 87. b7 Rf8 88. Kc7 Rf7+ 89. Kc8 Rf8+ 90. Kc7 {Precision: White = 35%, Black = 34%.} 1/2-1/2

[Event "83rd ESP-ch Women-ch 2018"]
[Site "Linares"]
[Date "2018.08.23"]
[Round "4"]
[White "Rodriguez Perez, Angel Mariano"]
[Black "Gonzalez Garcia, Francisco"]
[Result "1-0"]
[WhiteElo "2223"]
[BlackElo "1972"]
[Annotator "TA"]
[PlyCount "89"]
[EventDate "2018.08.09"]
[EventType "tourn"]
[EventCountry "ESP"]
[SourceTitle "playchess.com"]
[Source "ChessBase"]
[SourceQuality "1"]

{[%evp 20,89,3,0,29,23,40,29,39,43,43,47,41,27,40,32,51,49,45,43,40,11,8,19,68,47,119,118,111,113,180,177,165,141,136,143,180,116,140,121,220,220,220,216,220,219,279,243,460,448,461,404,1825,1808,1752,1731,1650,1281,725,716,716,711,570,552,1578,671,29978,29979,29979,29980,29977,29979]} 1. e4 c5 2. Nc3 e6 3. f4 d5 4. Bb5+ Nc6 5. Bxc6+ bxc6 6. d3 Nf6 7. e5 Nd7 8. Nf3 Be7 9. O-O O-O 10. Qe1 Ba6 {B23: Closed Sicilian: Lines without g3} 11. b3 {LiveBook: 3 Games} (11. Qg3 f5 12. Kh1 Nb6 13. b3 c4 14. dxc4 dxc4 15. Rd1 Qc8 16. Bb2 c5 {0-1 (63) Hafiz,A (2324)-Karthikeyan,M (2580) New Delhi 2018}) 11... Rb8 12. Qg3 Kh8 $146 {White has an edge.} ({Predecessor:} 12... Re8 13. Bd2 Bf8 14. Rfe1 Nb6 15. Rad1 Qc7 16. Qg4 {½-½ (38) Hamann,H (2118)-Bellmann,H (2252) GER email 2008}) 13. Kh1 Qa5 14. Bd2 {Strongly threatening Nxd5!} Qc7 15. Rfe1 Rbe8 16. Nd1 Bc8 17. Bc3 d4 18. Bd2 Nb6 19. Ba5 Qd7 20. Bxb6 axb6 21. Nf2 Bb7 22. Qh3 b5 {[#]} (22... Qd8 $14) 23. Ng5 $1 $16 Bxg5 24. fxg5 f6 (24... c4 $16 {keeps fighting.}) 25. exf6 gxf6 26. Ne4 $36 {[%mdl 2048] Black is under strong pressure.} fxg5 27. Nxc5 Qf7 28. Nxb7 ({Avoid the trap} 28. Nxe6 $2 Bc8 $19) ({White should play} 28. a4 $18) 28... Qxb7 29. Rxe6 Qf7 (29... Ra8 $16 {might work better.}) 30. Rxe8 $18 Rxe8 {[%mdl 4096] Endgame KQR-KQR} 31. Qg4 Qf2 {[#] ( -> ...Re1+)} 32. h3 Re2 33. Qxg5 Rxc2 $2 (33... b4 34. Qd8+ Kg7 35. Qc7+ Kh8 36. Qc8+ Kg7 37. Qb7+ Kh8 38. Qc8+ Kg7 39. Qc7+ Kh8 40. Qb8+ Kg7 41. Qb7+ Kh8 42. Qc8+) 34. a4 Re2 35. Kh2 Re1 (35... bxa4 $142 36. bxa4 (36. Rxa4 Re8 $18) 36... Qe3 37. Qf6+ Kg8) 36. Rxe1 Qxe1 {KQ-KQ} 37. Qd8+ Kg7 38. Qxd4+ Kg8 39. axb5 cxb5 40. Qd5+ Kg7 41. Qxb5 Qf1 42. Qd7+ Kh8 43. Qd4+ {White mates.} Kg8 44. Qg4+ Kh8 45. Qf3 {Precision: White = 79%, Black = 23%.} 1-0

[Event "83rd ESP-ch Women-ch 2018"]
[Site "Linares"]
[Date "2018.08.23"]
[Round "4"]
[White "Sanchez Vigon, David"]
[Black "Nunez, Daniela Alejandra"]
[Result "0-1"]
[WhiteElo "2220"]
[BlackElo "2021"]
[Annotator "TA"]
[PlyCount "98"]
[EventDate "2018.08.09"]
[EventType "tourn"]
[EventCountry "ESP"]
[SourceTitle "playchess.com"]
[Source "ChessBase"]
[SourceQuality "1"]

{[%evp 16,98,20,34,28,27,29,27,22,22,16,18,37,44,46,41,45,29,44,0,0,0,-10,-41,0,0,0,-3,0,-184,-160,-143,-180,-180,-125,-222,-204,-159,-161,-162,-160,-153,-148,-203,-193,-254,-245,-258,-196,-264,-192,-243,-225,-223,-189,-173,-110,-122,-49,-110,-104,-99,-33,-46,-46,-61,-35,-133,-129,-125,-117,-125,-120,-203,-122,-204,-173,-357,-355,-355,-348,-331,-310,-29998,-29999]} 1. e4 c5 2. Nf3 e6 3. d4 cxd4 4. Nxd4 Nc6 5. Nc3 Qc7 6. g3 a6 7. Bg2 h5 {[%cal Bh7h5,Bh5h4][%mdl 32]} 8. O-O {B47: Sicilian: Taimanov: 5 Nc3 Qc7 6 f4, 6 g3 and 6 Be2} (8. Bg5 h4 9. gxh4 Nge7 10. Nxc6 bxc6 11. Qd3 Ng6 12. O-O-O f6 13. Bd2 Kf7 14. Rhg1 Rxh4 15. Bf1 Qxh2 {0-1 (34) Kraemer,M (2575)-Jakovenko,D (2710) Germany 2018}) 8... h4 9. Re1 {LiveBook: 31 Games} d6 10. Nxc6 {White has an edge.} bxc6 11. e5 d5 12. Na4 hxg3 13. hxg3 Ne7 14. c4 Nf5 15. Bd2 $146 ({Predecessor:} 15. Bf4 Be7 {0-1 (41) Berset,P (2136)-Bok,B (2586) Biel 2014}) 15... Be7 16. Rc1 Qd8 17. Bc3 a5 18. b3 Kf8 19. c5 Ra7 20. Qg4 Kg8 21. Rcd1 Qf8 22. Bd4 $2 (22. Bf3 $11 {and White stays safe.}) 22... g6 23. Be3 Nxe3 24. Rxe3 Rb7 (24... Qh6 $19 {White must now prevent ...Qh2+.} 25. f4 Ba6) 25. Rc1 (25. Qf3 $17) 25... Rb4 $19 26. Qe2 Bg5 $36 {[%mdl 2048] ...d4 is the strong threat. White is under strong pressure.} 27. f4 Be7 28. Rec3 Rb5 29. Kf2 (29. a3 $17) 29... Ba6 30. Qf3 (30. Qd3 $142) 30... Rb4 31. a3 Rb7 32. Qe3 (32. Kg1 {was worth a try.}) 32... Rh2 33. Rh1 (33. Kg1 {was called for.} Qh6 34. Nb6) 33... Rxh1 $1 34. Bxh1 Qd8 35. Qd4 Qb8 ({Black should try} 35... g5 $19 36. Nb6 Qf8) 36. Nb6 $17 Qc7 (36... Bd8 $17 {[%cal Rb7b6] And now ...Rxb6 would win.} 37. Kg2 Be2) 37. b4 (37. Bf3 $15) 37... axb4 38. axb4 {[#]} Ra7 ({Black should play} 38... Bd8 $1 $17 {aiming for ...Qb8.} 39. Ke1 Bb5) 39. Rc1 Bb5 40. Ra1 Qb7 41. Nc8 {[#]} (41. Rxa7 $15 Qxa7 42. Nc8 Qa2+ 43. Kg1) 41... Bxc5 $1 42. bxc5 Rxa1 43. Qxa1 {Threatens to win with Nd6.} Qxc8 44. Qa5 (44. Qa7 $17) 44... Kg7 45. Bg2 (45. Qa7 $17) 45... Qb8 $19 46. Bf1 $2 (46. Kg1) 46... Bxf1 47. Kxf1 Qb1+ 48. Kg2 Qe4+ 49. Kh3 $2 (49. Kf2 $19) 49... Qh1+ {Precision: White = 45%, Black = 67%.} 0-1

[Event "83rd ESP-ch Women-ch 2018"]
[Site "Linares"]
[Date "2018.08.23"]
[Round "4"]
[White "Kolotilina, Liudmila"]
[Black "Anillo Fernandez, Isabel Maria"]
[Result "1/2-1/2"]
[WhiteElo "2216"]
[BlackElo "1924"]
[Annotator "TA"]
[PlyCount "117"]
[EventDate "2018.08.09"]
[EventType "tourn"]
[EventCountry "ESP"]
[SourceTitle "playchess.com"]
[Source "ChessBase"]
[SourceQuality "1"]

{[%evp 13,117,2,17,-393,43,36,32,37,27,24,17,20,47,24,33,25,39,39,40,40,41,31,39,34,69,64,64,51,74,71,66,55,87,77,84,86,113,116,208,220,220,218,255,249,322,148,155,142,270,124,128,109,135,134,120,118,145,156,149,146,149,144,185,185,203,204,203,196,183,188,256,243,231,235,270,243,246,249,368,352,337,281,254,0,0,0,0,0,0,0,0,0,0,0,0,0,0,0,0,0,0,0,0,0,0,0]} 1. b3 Nf6 2. Bb2 e6 3. e3 d5 4. f4 c5 5. Nf3 Nc6 6. Bb5 Bd7 7. O-O a6 8. Ne5 $146 {[%mdl 8192] A03: Bird's Opening with 1...d5} (8. Bxc6 $11 {and White is okay.} Bxc6 9. d3) ({Predecessor:} 8. Bxc6 Bxc6 9. Ne5 Rc8 10. d3 Be7 {½-½ (10) Bauer,C (2589)-Degraeve,J (2541) Montpellier 2003}) 8... Bd6 $2 ({Better is} 8... axb5 $19 9. Nxd7 Qxd7 10. Bxf6 gxf6) 9. Nxc6 Bxc6 10. Bxc6+ {White is slightly better.} bxc6 11. d3 O-O 12. Nd2 Nd7 13. Qh5 f6 14. Rf3 Qe8 15. Qh4 Rf7 16. Rh3 g6 {[%cal Bg7g6,Bg6g5,Bg5g4][%mdl 32]} 17. Rf1 Qe7 18. e4 e5 19. f5 g5 20. Qh5 Rg7 21. Qg4 Rb8 22. Bc1 Qf7 23. Rh6 Be7 24. Qf3 g4 25. Qe2 d4 (25... a5 $16) 26. h3 $18 gxh3 27. g4 Rg5 {intending ...Qg7.} 28. Kh2 (28. Rxh3 Qg7 $16) 28... Qg7 29. Rxh3 (29. Rh4 $1 $18) 29... Rxg4 $16 30. Nf3 $1 {And now Bh6 would win.} Kf7 {[#]} (30... Kh8 $16) 31. Bh6 (31. Kh1 $1 $18 {and the rest is easy.}) 31... Qg8 32. Rg1 Rxg1 33. Nxg1 Bf8 34. Rg3 $36 {[%mdl 2048] Keeping Black busy.} Qxg3+ 35. Kxg3 Bxh6 36. Qh5+ Kg7 37. Ne2 c4 38. dxc4 Nc5 39. Kf3 Bg5 40. Qh1 Rd8 {[#]} 41. Nc1 $1 d3 (41... h5 $142 42. Qe1 (42. Qxh5 Rh8 $11) 42... d3 43. Nxd3 Nxd3) 42. Nxd3 $18 Nxd3 43. Qd1 ({Don't play} 43. cxd3 $6 Rxd3+ 44. Kg4 c5 $16) 43... Ne1+ 44. Qxe1 {[%mdl 4096] Endgame Hoping for Qa5. KQ-KRB} Rd2 45. Qg1 Rxc2 (45... h5 $142 46. Qa7+ Kg8 47. Qa8+ Kg7 48. Qa7+ Kf8 49. Qa8+ Kg7 50. Qb7+ Kf8 51. Qxc6 h4 52. Qc5+ Kg8 53. Qc8+ Kg7 54. Qb7+ Kf8 55. Qxa6 h3 56. Qa8+ Kg7 57. Qb7+ Kg8 58. Qa8+ Kg7 59. Qa7+ Kg8 60. Qb8+ Kg7 61. Qa7+ Kg8 62. Qb8+ Kg7 63. Qc7+ Kg8 64. Qb8+) 46. Qa7+ Kh6 47. Qxa6 Kh5 48. Qxc6 $2 ({White should play} 48. Qa5 $18) 48... Rc3+ $11 {The position is equal.} 49. Ke2 {Strongly threatening a4.} Kg4 $1 50. b4 {Black must now prevent Qc5.} h5 {[%cal Bh7h5,Bh5h4,Bh4h3,Bh3h2][%mdl 32]} 51. b5 {aiming for Qc5.} h4 52. Qd5 {Qd1 is the strong threat.} (52. Qd7 $5 {[%cal Rd7d1]} Rc2+ 53. Ke1 Rc1+ 54. Ke2 $11) 52... h3 53. Qd1 {Threatens to win with Kf1+.} Rc1 54. Qd3 h2 55. Qf3+ Kh4 56. Qf2+ Kh3 57. Qf3+ Kh4 58. Qf2+ Kh3 {( -> ...Rc2+)} 59. Qf3+ {Precision: White = 59%, Black = 42%.} 1/2-1/2

[Event "83rd ESP-ch Women-ch 2018"]
[Site "Linares"]
[Date "2018.08.23"]
[Round "4"]
[White "Garcia Vicente, Nieves"]
[Black "Bernabeu Lopez, Carlos Javier"]
[Result "0-1"]
[WhiteElo "2181"]
[BlackElo "2360"]
[Annotator "TA"]
[PlyCount "82"]
[EventDate "2018.08.09"]
[EventType "tourn"]
[EventCountry "ESP"]
[SourceTitle "playchess.com"]
[Source "ChessBase"]
[SourceQuality "1"]

{[%evp 17,82,57,67,29,42,42,40,45,35,38,77,56,101,29,44,-13,0,0,22,-32,-30,-71,-67,-77,-66,-108,-56,-122,-122,-122,-122,-122,-122,-122,-122,-122,-122,-164,-152,-155,-155,-238,-230,-257,-143,-241,-216,-208,-215,-222,-217,-202,-126,-216,-192,-242,-226,-245,-243,-250,-232,-250,-243,-326,-309,-812,-799]} 1. d4 d6 2. e4 g6 3. c4 Bg7 4. Nc3 Nc6 5. Be3 e5 6. d5 Nd4 7. Nge2 Nxe2 8. Bxe2 Nf6 9. O-O O-O 10. h3 {A42: Modern Defence: Averbakh Variation} (10. c5 Ne8 11. b4 f5 12. exf5 gxf5 13. f4 a5 14. a3 axb4 15. axb4 Rxa1 16. Qxa1 exf4 17. Rxf4 Be5 18. Rc4 {½-½ (62) Agafii,V (2262)-Sanduleac,V (2422) Kishinev 2014}) 10... Ne8 11. Qd2 $146 ({Predecessor:} 11. f4 exf4 12. Bxf4 Qe7 13. Qc2 Nf6 14. Bf3 Nd7 15. Rae1 Ne5 16. b3 Bd7 17. Nd1 h6 18. Be3 b6 19. a4 Rae8 20. Bd2 f5 {½-½ (20) Madarasz,M (1633)-Adzic,S (2184) Hungary 2007}) 11... f5 {White must now prevent ...f4.} 12. exf5 {White is slightly better.} gxf5 {Threatens to win with ...f4.} 13. f4 e4 14. Rae1 Qf6 15. Rd1 (15. g4 $16) 15... Qg6 16. Bd4 ({White should try} 16. Nb5 $14) 16... Rf7 17. Rf2 h5 {[%cal Bh7h5,Bh5h4][%mdl 32]} 18. Qe3 ({White should play} 18. Be3 $11) 18... h4 19. b4 a5 20. b5 b6 21. Rd2 Nf6 (21... Bxd4 $17 22. Qxd4 Rg7) 22. Rf1 {[#]} (22. Bd1 $15) 22... Nd7 $1 $17 23. Kh2 Bxd4 24. Rxd4 Rg7 {[%csl Gg7][%cal Rg6g2]} 25. Rg1 Qg3+ 26. Qxg3 Rxg3 27. Nd1 Nc5 28. Re1 Bd7 29. Bf1 (29. Kg1 $17) 29... Kf7 $19 30. Ne3 Kf6 (30... Rag8 $19 31. Rd2 Kf6) 31. Rd2 (31. Kg1 $17) 31... Re8 32. Kg1 {[#]} Nd3 $1 {[%cal Rd3e1]} 33. Bxd3 exd3 34. Rxd3 Re4 35. Rc3 (35. Rb3 $17 Rxf4 36. Rb2) 35... Rxf4 36. Rc2 Re4 37. Kf2 Re5 38. Rce2 Be8 39. Nf1 Rc3 40. Ne3 Bh5 41. Rc2 $2 {[#]} (41. Rd2) 41... Rexe3 $1 {[%mdl 512] Precision: White = 36%, Black = 61%.} 0-1

[Event "83rd ESP-ch Women-ch 2018"]
[Site "Linares"]
[Date "2018.08.23"]
[Round "4"]
[White "Garcia Garcia, Adrian Antonio"]
[Black "Cruz Lledo, Pablo"]
[Result "0-1"]
[WhiteElo "2179"]
[BlackElo "2432"]
[Annotator "TA"]
[PlyCount "56"]
[EventDate "2018.08.09"]
[EventType "tourn"]
[EventCountry "ESP"]
[SourceTitle "playchess.com"]
[Source "ChessBase"]
[SourceQuality "1"]

{[%evp 17,56,0,7,-10,-10,-63,-57,-58,-39,-122,-108,-114,-119,-123,-139,-130,-132,-115,-114,-198,-192,-181,-185,-252,-233,-252,-250,-243,-239,-230,-243,-252,-228,-480,-478,-456,-478,-5082,-5014,-1339,-1383]} 1. e4 c6 2. d4 d5 3. exd5 cxd5 4. c4 Nf6 5. Nc3 g6 6. Nf3 Bg7 7. Bg5 Ne4 8. Be3 {B14: Caro-Kann (Panow-Angriff)} (8. Bh4 Nxc3 9. bxc3 O-O 10. cxd5 Qxd5 11. Be2 Nc6 12. O-O e5 13. c4 Qe4 14. Bd3 Qg4 15. h3 Qh5 {½-½ (25) Van Wely,L (2667)-Ragger,M (2672) Brest 2018}) 8... Nxc3 9. bxc3 O-O {LiveBook: 5 Partien} 10. Qd2 {Die Stellung ist ausgeglichen.} Nc6 11. Bh6 ({Günstiger ist} 11. cxd5 $11 Qxd5 12. Rb1) 11... Bg4 $15 {Weiss muss nun ...Lxh6 beachten.} 12. Bxg7 Kxg7 13. c5 $146 (13. cxd5 $15 Bxf3 14. dxc6 Bxc6 15. Rd1) ({Vorgänger:} 13. cxd5 Qxd5 14. Be2 Rac8 15. Rb1 Rfd8 {0-1 (74) Carlstedt,J (2442)-Heinemann,E (2105) Goch 2014}) 13... Bxf3 $17 14. gxf3 e5 {[%cal Be7e5,Be5e4][%mdl 32]} 15. Bb5 Qf6 16. Bxc6 bxc6 17. O-O Qxf3 18. Rfe1 (18. dxe5 $17 Qg4+ 19. Kh1) 18... Qg4+ $19 19. Kh1 {[#]} e4 $1 20. Re3 (20. Rab1 {war angesagt.}) 20... Rab8 {[%cal Ba8b8,Bb8b7,Bb7b2][%mdl 32]} 21. Rg1 Qf5 22. Qe2 Rb7 23. f3 {[%cal Rf3e4]} exf3 24. Rxf3 {[#]} Rb2 $1 {[%mdl 512]} 25. Qe3 $2 {[#]} (25. Rxf5 {ist eine bessere Verteidigung.} Rxe2 26. Rff1) (25. Qxb2 Qxf3+) 25... Re8 $1 {[%mdl 512] Schwarz steht klar auf Gewinn.} 26. Rxf5 (26. Qxe8 Qxf3+) 26... Rxe3 27. c4 (27. Rfg5 $142 Rxc3 28. R5g2 Rxg2 29. Rxg2) 27... Rh3 {[%csl Gb2][%cal Rh3h2]} 28. Rg4 h5 {Precision: Weiß = 29%, Schwarz = 86%.} 0-1

[Event "83rd ESP-ch Women-ch 2018"]
[Site "Linares"]
[Date "2018.08.23"]
[Round "4"]
[White "Romero Romero, Sebastian"]
[Black "Lianes Garcia, Marcos"]
[Result "0-1"]
[WhiteElo "2171"]
[BlackElo "2340"]
[Annotator "TA"]
[PlyCount "92"]
[EventDate "2018.08.09"]
[EventType "tourn"]
[EventCountry "ESP"]
[SourceTitle "playchess.com"]
[Source "ChessBase"]
[SourceQuality "1"]

{[%evp 20,92,21,20,41,37,34,34,28,10,30,13,31,-42,-48,-11,-25,-44,0,0,12,-27,-10,-29,-25,-63,-65,-70,-43,-76,-27,-94,-100,-90,-106,-92,-85,-75,-67,-79,-82,-156,-145,-200,-200,-179,-189,-186,-180,-169,-180,-218,-216,-296,-291,-1126,-1126,-1124,-1108,-5732,-5791,-5206,-5139,-1802,-1758,-29986,-29987,-29987,-29988,-29995,-29996,-29996,-29997,-29997,-29997]} 1. d4 Nf6 2. Nf3 e6 3. g3 d5 4. c4 dxc4 5. Bg2 Nc6 6. O-O Rb8 7. e3 Be7 {E04: Open Catalan: 5 Nf3} 8. Qe2 b5 9. b3 cxb3 10. axb3 O-O 11. Bd2 {LiveBook: 3 Games} Bb7 12. Rc1 {[%mdl 1024] White has compensation.} a6 13. Ne1 Nd5 {[%cal Bf6d5,Bd5b4,Bb4d3][%mdl 32]} 14. Nd3 Qd7 15. Nc3 {[#]} Ndb4 $146 16. Nf4 (16. Ne4 $14 Nxd3 17. Qxd3) 16... e5 $15 17. dxe5 Nxe5 18. e4 Nbd3 19. Rd1 $1 {[#] Hoping for Be3.} Nxf4 20. Bxf4 (20. gxf4 {is interesting.} Ng6 21. f5 Nh4 22. Bf4 Bd6 23. Bh1) 20... Qe6 21. Nd5 Bd6 22. h3 Rfe8 23. Be3 Nd7 24. Qc2 Rbc8 25. Kh2 (25. Rac1 $11 {keeps the balance.}) 25... Nf6 $17 26. Nxf6+ Qxf6 27. Rac1 {e5! is the strong threat.} Qe6 28. h4 Rb8 {[%cal Rb7e4]} 29. f3 {[#]} f5 $1 {[%cal Rf5e4][%mdl 512]} 30. Bh3 (30. Bc5 $142) (30. exf5 Qxe3) 30... Qf7 {[%cal Rf5e4]} 31. Bxf5 (31. b4 $17 {was worth a try.}) 31... g6 $19 32. Bg4 h5 33. Bh3 Qxf3 34. e5 Be4 35. Qf2 Rxe5 $40 {[%mdl 128] Black has strong attack.} 36. b4 Rf8 37. Qa2+ $2 (37. Qxf3 Bxf3 38. Bf4 Bxd1 39. Bxe5 Bxe5 40. Rxd1) 37... Kh7 38. Rxd6 cxd6 39. Rf1 Qxf1 40. Bxf1 Rxf1 {[%csl Ge4][%cal Rf1h1]} 41. g4 Bd5 {( -> ...Rh1+)} 42. Qxa6 Rh1+ {Black mates.} 43. Kg3 Rxe3+ 44. Kf4 Re4+ 45. Kg3 Rxg4+ 46. Kf2 Rh2+ {Precision: White = 34%, Black = 58%.} 0-1